00178nam a2200073Ia 4500008004100000100002400041245002200065260001700087190216s9999||||xx |||||||||||||| ||und|| aEkambara Nath Ayyer 0aManual Of Zoology bKerala Shaka